| 000 | 00391nam a2200169Ia 4500 | ||
|---|---|---|---|
| 008 | 240702s2024 xx 000 0 und d | ||
| 041 | _aeng | ||
| 082 | _a547/KAL | ||
| 100 | _aP.S.Kalsi | ||
| 245 | _aOrganic Reacation And Their Meachansim | ||
| 250 | _a5th | ||
| 260 |
_bNew Age Int _c2024 |
||
| 300 | _a698 | ||
| 365 | _cRS | ||
| 650 | _aOraganic Chemistry | ||
| 906 | _aB.Pharm | ||
| 999 |
_c1169404 _d1169404 |
||